000 00614nam a2200205Ia 4500
003 GCL
005 20240530103019.0
008 140319s9999 xx 000 0 ara d
040 _aGCL /
_cGCL
082 0 4 _a350.6
_bح خ
100 1 _aحسن الحلبى
245 1 0 _aالخدمة المدنية فى العالم /
_cحسن الحلبى
260 _a[S.N] :
_bمنشورات عويدان ،
_c1983
300 _a395 ص
490 _aزدنى علما
_v0
650 0 4 _aالقانون الادارى
650 0 4 _aالادارة العامة
650 0 4 _aالخدمة المدنية
942 _2ddc
_cBK
999 _c36146
_d36146